000 02111nam a2200421 c 4500
003 BLK
005 20180422095140.0
008 180413b bul|||||r ||||||| ||bul||
010 _aKNG00022523000
020 _a978-954-18-0734-7
_bиздат.: Булвест 2000
040 _aBLK
041 _aBUL
_cBUL
072 7 _2bullib
_aН372
_xУчебни предмети. Учебници Н
080 _aГеография в основното училище. Методика на обучението по география
_b372.891
_x(079)(075.2)
_z372.891(079)(075.2)
080 _aСтопанска география - учебни предмети
_b372.833.8:91
_x(079)(075.2)
_z372.833.8:91(079)(075.2)
100 1 _aПенин, Румен Любенов
_eпърви автор
_9365082
700 1 _aСтоянова, Валентина Миланова
_eсъавт.
_9264609
139 _aПенин, Румен Любенов и др.
_bП 34
245 1 0 _aГеография и икономика VІІ клас
_bПодготовка за външно оценяване : Тестови задачи
_cРумен Любенов Пенин; съавт. Валентина Миланова Стоянова.
257 _aBGR
260 София
_bБулвест 2000
_c2010
_fСофия : Вулкан
300 _a28 с.
_c26 см
380 _a3
500 _aВ библиогр. каре загл. : География и икономика за VII клас.
650 4 _aГеография - тестове - учебници за основни училища
_9263601
650 4 _aСтопанска география - учебници за основни училища
_9264610
653 _aгеография
653 _aстопанска география
653 _aтестове
653 _aучебници за основни училища
653 _aVІІ кл.
659 _aН
852 _aЦб ІІ 16670
856 4 _qpdf
_u
856 4 _qpdf
_u
942 _cKNG
_n0
944 _aCR
_c28.03.2011
_lф /
_kВиолета_Тройчева
944 _aED
_c27.03.2014
_lф /
_k
999 _c20306
_d20306